'I' in Geography Quiz Stats

 Plays Quiz Updated Oct 31, 2017

Also try: 'H' in Geography
Challenge
Share
Tweet
Score 0/16 Timer 05:00
15 Plays Today
Question Answer % Correct
Which island, the third largest in Europe, lies to the west of Great Britain?Ireland
95.4%
What is the alternative name given to 'Côte d'Ivoire'?Ivory Coast
92.2%
Can you name the country whose outline is in the images above?Iceland
91.4%
Which city, Europe's most populous, was previously known as Byzantium, then Constantinople?Istanbul
90.6%
Can you name the country whose flag is in the images above?Iran
88.6%
Which US state is known as the 'Gem State'?Idaho
87.8%
What peninsula in Europe is largely comprised of Portugal and Spain?Iberia
86.7%
Which indigenous people inhabit northern USA, Canada and Greenland?Inuit
80.9%
Question Answer % Correct
Which country did the colony 'Dutch East Indies' become following WWII?Indonesia
79.1%
Can you name the body of water in the images above?Irish Sea
71.6%
Which city, a host of the Winter Olympics, is the capital of the Austrian state Tyrol?Innsbruck
62.9%
Which city is the capital of the 'Crossroads of America'?Indianapolis
59%
What name is given to a narrow strip of land that connects two larger land areas?Isthmus
56.3%
What sea lies between Southern Italy and Greece?Ionian Sea
50.5%
Which river 3,180 km long flows almost entirely through Pakistan?Indus
49.7%
Can you name the Philadelphia landmark in the image above?Independence Hall
41%

You're not logged in!

Compare scores with friends on all Sporcle quizzes.
OR
Log In

You Might Also Like...

Show Comments

Extras

Top Quizzes Today


Score Distribution

Your Account Isn't Verified!

In order to create a playlist on Sporcle, you need to verify the email address you used during registration. Go to your Sporcle Settings to finish the process.

Report this User

Report this user for behavior that violates our Community Guidelines.

Details: